00000000nam##2200000za#4500
0019.608225
003CaOODSP
00520210624213523
007cr |||||||||||
008150406|2005||||xxc|||||o    f|0| 0 fre|d
040 |aCaOODSP|bfre
043 |an-cn---
0861 |aSC102-2/27-2005F-MP3
1102 |aÉcole de la fonction publique du Canada.
24510|aDécrire une tâche (opérations physiques). Fichier audio |h[ressource électronique]
2461 |iTitre additionnel (dans la publication) : |aAuto-évaluation - Activités orales : Objectif de formation 27
260 |aOttawa - Ontario : |bÉcole de la fonction publique du Canada
300 |aDurée : 00:25:37
4901 |aProgramme de français langue seconde - Niveaux A et B. Fichier audio |vObjectif de formation 27, 2005
500 |aTitre de l'édition imprimée et du catalogueur. Fichiers audio qui accompagnent la version imprimée (SC102-2/27-2005F) et électronique (SC102-2/27-2005F-PDF) de ce titre. Comprend des activités de mise en train, d'écoute, et de performance d'auto-évaluation orale.
590 |a15-01-Supp|b2015-01-26
590 |a14-52-Supp|b2014-08-22
830#0|aProgramme de français langue seconde - Niveaux A et B. Fichier audio ;|vObjectif de formation 27, 2005|w(CaOODSP)9.504304
85640|ahttp://publications.gc.ca|qMP3|s3.92 Mo|uhttps://publications.gc.ca/collections/collection_2015/efpc-csps/SC102-2-27-11-2005-fra.mp3
85640|ahttp://publications.gc.ca|qMP3|s9.84 Mo|uhttps://publications.gc.ca/collections/collection_2015/efpc-csps/SC102-2-27-18-2005-fra.mp3
85640|ahttp://publications.gc.ca|qMP3|s4.88 Mo|uhttps://publications.gc.ca/collections/collection_2015/efpc-csps/SC102-2-27-1-2005-fra.mp3
85640|ahttp://publications.gc.ca|qMP3|s4.40 Mo|uhttps://publications.gc.ca/collections/collection_2015/efpc-csps/SC102-2-27-12-2005-fra.mp3
85640|ahttp://publications.gc.ca|qMP3|s3.89 Mo|uhttps://publications.gc.ca/collections/collection_2015/efpc-csps/SC102-2-27-10-2005-fra.mp3
85640|ahttp://publications.gc.ca|qMP3|s7.79 Mo|uhttps://publications.gc.ca/collections/collection_2015/efpc-csps/SC102-2-27-1m-2005-fra.mp3
85640|ahttp://publications.gc.ca|qMP3|s2.81 Mo|uhttps://publications.gc.ca/collections/collection_2015/efpc-csps/SC102-2-27-1p-2005-fra.mp3
85640|ahttp://publications.gc.ca|qMP3|s1.85 Mo|uhttps://publications.gc.ca/collections/collection_2015/efpc-csps/SC102-2-27-2e-2005-fra.mp3
85640|ahttp://publications.gc.ca|qMP3|s6.70 Mo|uhttps://publications.gc.ca/collections/collection_2015/efpc-csps/SC102-2-27-2m-2005-fra.mp3
85640|ahttp://publications.gc.ca|qMP3|s2.77 Mo|uhttps://publications.gc.ca/collections/collection_2015/efpc-csps/SC102-2-27-2p-2005-fra.mp3
85640|ahttp://publications.gc.ca|qMP3|s7.52 Mo|uhttps://publications.gc.ca/collections/collection_2015/efpc-csps/SC102-2-27-3m-2005-fra.mp3
85640|ahttp://publications.gc.ca|qMP3|s2.64 Mo|uhttps://publications.gc.ca/collections/collection_2015/efpc-csps/SC102-2-27-3p-2005-fra.mp3
85640|ahttp://publications.gc.ca|qMP3|s11.1 Mo|uhttps://publications.gc.ca/collections/collection_2015/efpc-csps/SC102-2-27-4m-2005-fra.mp3
85640|ahttp://publications.gc.ca|qMP3|s3.83 Mo|uhttps://publications.gc.ca/collections/collection_2015/efpc-csps/SC102-2-27-4p-2005-fra.mp3|yObjectif de formation 27, 2005